000
00245nam a2200097Ia 4500
001
1250535
005
20251031150858.0
008
251031s9999 xx 000 0 und d
245
0
_c
CEMİL MERİÇ
_a
B-1 BU ÜLKE
260
_b
İLETİŞİM YAYINLARI
999
_c
1250535
_d
1250535